ბათუმის შოთა რუსთაველის სახელმწიფო უნივერსიტეტის ბიბლიოთეკა

Build your own rainbow (ბიბ.ჩანაწერი № 51460)

000 -LEADER
fixed length control field 00732nam a2200265Ia 4500
001 - CONTROL NUMBER
control field 18446
003 - CONTROL NUMBER IDENTIFIER
control field GE_BSU
008 - FIXED-LENGTH DATA ELEMENTS--GENERAL INFORMATION
fixed length control field 181216s||||||||xx |||||||||||||| ||und||
020 ## - INTERNATIONAL STANDARD BOOK NUMBER
International Standard Book Number 9781852525873
040 ## - CATALOGING SOURCE
Transcribing agency GE_BSU
080 ## - UNIVERSAL DECIMAL CLASSIFICATION NUMBER
Universal Decimal Classification number 005.8
100 ## - MAIN ENTRY--PERSONAL NAME
Personal name Hopson, Barrie. Scally,Mike
245 ## - TITLE STATEMENT
Title Build your own rainbow
245 #2 - TITLE STATEMENT
Remainder of title A workbook for career and life management
250 ## - EDITION STATEMENT
Edition statement 4 edition
260 ## - PUBLICATION, DISTRIBUTION, ETC.
Place of publication, distribution, etc. Harrogate
260 ## - PUBLICATION, DISTRIBUTION, ETC.
Name of publisher, distributor, etc. Lifeskills International Ltd.
260 ## - PUBLICATION, DISTRIBUTION, ETC.
Date of publication, distribution, etc. 2009
300 ## - PHYSICAL DESCRIPTION
Extent 175p.29 cm.
653 ## - INDEX TERM--UNCONTROLLED
Uncontrolled term A workbook for career and life management
653 ## - INDEX TERM--UNCONTROLLED
Uncontrolled term Build your own rainbow
653 ## - INDEX TERM--UNCONTROLLED
Uncontrolled term კარიერა, მართვა.
653 ## - INDEX TERM--UNCONTROLLED
Uncontrolled term მენეჯმენტი
942 ## - ADDED ENTRY ELEMENTS (KOHA)
Koha item type წიგნი
ეგზემპლარები
Withdrawn status Lost status Damaged status Not for loan Date acquired Barcode Date last seen Price effective from Koha item type
        2018-12-17 47293 2018-12-17 2018-12-17 წიგნი
        2018-12-17 47294 2018-12-17 2018-12-17 წიგნი
        2018-12-17 47295 2018-12-17 2018-12-17 წიგნი
        2018-12-17 47296 2018-12-17 2018-12-17 წიგნი
        2018-12-17 47297 2018-12-17 2018-12-17 წიგნი